Хитлер (Запис номер 382658)
[ съкратено ]
| 000 -Лидер | |
|---|---|
| Контролно поле с фиксирана дължина | 02510nam a2200481 a 4500 |
| 003 - Код на организацията, давaща контролен номер | |
| Контролно поле | BLK |
| 005 - Дата и час на последна редакция | |
| Контролно поле | 20250212133205.0 |
| 008 - Елементи от данни с фиксирана дължина | |
| fixed length control field | 200815b bul|||||r ||||||| ||bul|| |
| 020 ## - Международен стандартен номер на книга ISBN | |
| Международен стандартен номер на книга ISBN | 9786190105770 |
| 040 ## - Източник на каталожния запис | |
| Идентификатор на билиотеката - собственик на записа | BLK |
| 041 ## - Код за език | |
| Код за езика на текст/звукозапис или на отделно заглавие | Български |
| Код за езика КДБФ | Български |
| 080 ## - УДК | |
| Текстов определител УДК | История на Германия |
| УДК код - определител по УДК | 94(430) |
| УДК определител | (092)(093.3) |
| УДК - код + определител | 94(430)(092)(093.3) |
| 080 ## - УДК | |
| Текстов определител УДК | Фашистки партии |
| УДК код - определител по УДК | 329.18 |
| УДК определител | (430)(091)(092)(093.3) |
| УДК - код + определител | 329.18(430)(091)(092)(093.3) |
| 080 ## - УДК | |
| Текстов определител УДК | Немски политик, диктатор, райхспрезидент на Германия, фюрер и райхсканцлер, лидер на Националсоциалистическата германска работническа партия (NSDAP) |
| УДК код - определител по УДК | 929 Хитлер, Адолф |
| УДК - код + определител | 929 Хитлер, Адолф |
| 100 ## - Редна дума - Автор | |
| R(LIN) | 427987 |
| Автор | Кършоу, Иън |
| Авторска отговорност | първи автор |
| 139 ## - Редно поле | |
| Редна дума | Кършоу, Иън |
| Авторски знак | Хит - Х 53 |
| 245 10 - Сведения за заглавието | |
| Заглавие | Хитлер |
| Редно поле (дума) | Иън Кършоу; прев. от англ. Мария Кондакова. |
| Том | Т. 1 |
| 257 ## - Страна на издаване | |
| Страна на създаване/издаване | Великобритания |
| 260 ## - Област на издателските данни | |
| Място на издаване, разпространение и проч. | София |
| Име на издателя, разпространителя и проч. | Изток-Запад |
| Година на издаване | 2020 |
| 300 ## - Физическа характеристика | |
| Размери/Мащаб | 24 см |
| 380 ## - Жанр | |
| Жанр | История |
| 500 ## - Общи забележки | |
| Забележка | Ориг. загл. Hitler / Ian Kershaw. |
| 600 14 - Име на лице, използвано като предмет | |
| За него / За нея | Хитлер, Адолф |
| Свързани дати | 1889-1945 |
| Друга информация | Немски политик, диктатор, райхспрезидент на Германия, фюрер и райхсканцлер, лидер на Националсоциалистическата германска работническа партия (NSDAP) |
| 9 (RLIN) | 137148 |
| 650 #4 - Допълнително описание по предмет – тема | |
| Основно описание – тема или топоним | Фашизъм - Германия - история |
| 9 (RLIN) | 246497 |
| 650 #4 - Допълнително описание по предмет – тема | |
| Основно описание – тема или топоним | Националсоциализъм - Германия |
| 9 (RLIN) | 163821 |
| 650 #4 - Допълнително описание по предмет – тема | |
| Основно описание – тема или топоним | Политици, немски - спомени |
| 9 (RLIN) | 244122 |
| 650 #4 - Допълнително описание по предмет – тема | |
| Основно описание – тема или топоним | Германия - история, нова |
| 9 (RLIN) | 243416 |
| 650 #4 - Допълнително описание по предмет – тема | |
| Основно описание – тема или топоним | Хитлер, Адолф |
| 9 (RLIN) | 137148 |
| 651 #4 - Допълнително описание по предмет - топоним | |
| Географско понятие | Германия |
| 9 (RLIN) | 178754 |
| 653 ## - Ключова дума – ненормативна | |
| Ключова дума | Хитлер |
| 653 ## - Ключова дума – ненормативна | |
| Ключова дума | фашизъм |
| 653 ## - Ключова дума – ненормативна | |
| Ключова дума | националсоциализъм |
| 653 ## - Ключова дума – ненормативна | |
| Ключова дума | политици |
| 653 ## - Ключова дума – ненормативна | |
| Ключова дума | Германия |
| 653 ## - Ключова дума – ненормативна | |
| Ключова дума | история |
| 700 ## - Други автори (авторска отговорност) | |
| Лично име | Кондакова, Мария Атанасова |
| Дати, свързани с автора | 1969 - |
| Друга информация | Преводач от английски език |
| 9 (RLIN) | 286302 |
| 760 ## - Описание на основната серия | |
| Редна дума на основното описание | Кършоу, Иън |
| Място на издаване, издател и година | София, Изток-Запад |
| Страници - том | 544 с. |
| Част - том | Т. 1 |
| Заглавие | Хитлер |
| 856 4# - Електронен адрес и достъп | |
| Електронен формат | pdf - файл |
| 856 4# - Електронен адрес и достъп | |
| Електронен формат | pdf - файл |
| 999 ## - СИСТЕМНИ КОНТРОЛНИ НОМЕРА | |
| Koha biblionumber | 382658 |
| Koha biblioitemnumber | 382658 |
| 942 ## - АРТИКУЛИ | |
| Вид на библиотечния материал | Книги |
| Скрит в OPAC | Не |
| Koha issues (borrowed), all copies | 5 |
| Периодичен библиозапис | Да |
| 944 ## - СЪЗДАВАНЕ И РЕДАКЦИЯ на ЗАПИСА | |
| Дата на регистрацията/редакция | 2020-08-15 |
| Служител, извършил регистрацията/редакцията | 30540 |
| Статус, дата на статуса | Севдалина Тодорова |
| 999 ## - СИСТЕМНИ КОНТРОЛНИ НОМЕРА | |
| Koha biblioitemnumber | 382658 |
| Код за отписване | Код за изгубен артикул | Източник на класификационната схема | Код за повреда | Коз за рестрикции | Код за отдаване | Артикулен № | Име на библиотеката - собственик | Име на библиотеката, в която се намира в момента | Статус (Текущо местоположение) | Дата на вписване в системата | Местоположение - отдел | Цена в лева | Систематично азбучна сигнатура | Баркод | Цена в евро | Служебен тип на артикула |
|---|---|---|---|---|---|---|---|---|---|---|---|---|---|---|---|---|
| Не е изгубен | Universal Decimal Classification | Не е повреден | без рестрикции | заемане за дома | 799462 | Регионална библиотека "Любен Каравелов" Русе | Регионална библиотека "Любен Каравелов" Русе | Заемна - подръчен фонд | 2020-09-17 | Заемна - подръчен фонд | 31.50 | 943.0(092)/Х 53 А | 120000846706 | 16.11 | Книги | |
| Не е изгубен | Universal Decimal Classification | Не е повреден | само за читалня | ползва се в читалня | 805265 | Регионална библиотека "Любен Каравелов" Русе | Регионална библиотека "Любен Каравелов" Русе | Хранилище | 2020-11-17 | Хранилище | 45.00 | Цб 304481 | 120000849887 | 23.01 | Книги |